000 00336nam a2200181Ia 4500
100 _aMednieks/Zigurd
650 _aAndroid
250 _a2
942 _cBK
366 _f20
654 _aandroid
245 _aProgramming Android
260 _bSPD
_c2012
082 _bMED
300 _a542
546 _aENGLISH
999 _c23349
_d23349